LIBRARY & INFORMATION CENTRE, KCAET, TAVANUR

ONLINE PUBLIC ACCESS CATALOGUE (OPAC)

Essays on Goldsmith / (Record no. 11838)

MARC details
000 -LEADER
fixed length control field 00398cam a2200157ua 4500
041 ## - LANGUAGE CODE
Language code of text/sound track or separate title eng
082 ## - DEWEY DECIMAL CLASSIFICATION NUMBER
Classification number 824
Item number MAC/ES
100 ## - MAIN ENTRY--AUTHOR NAME
Personal name Macular, Scoot .
245 00 - TITLE STATEMENT
Title Essays on Goldsmith /
260 ## - PUBLICATION, DISTRIBUTION, ETC. (IMPRINT)
Place of publication :
Name of publisher Oxford & IBH Book Company ,
Year of publication 1946.
300 ## - PHYSICAL DESCRIPTION
Number of Pages 200 ; .
700 1# - ADDED ENTRY--PERSONAL NAME
Personal name Thackery, .
942 ## - ADDED ENTRY ELEMENTS (KOHA)
Koha item type Books
Holdings
Withdrawn status Lost status Damaged status Home library Current library Date acquired Full call number Accession Number Koha item type
Withdrawn     KAUAET Malayalam University 07/04/2012 824 5233 Books
free website counter